Atmospheric and space flight dynamics : (Record no. 594158)

000 -LEADER
fixed length control field 01369cam a22003497a 4500
001 - CONTROL NUMBER
control field 14580317
005 - DATE AND TIME OF LATEST TRANSACTION
control field 20230322174110.0
008 - FIXED-LENGTH DATA ELEMENTS--GENERAL INFORMATION
fixed length control field 061003s2007 maua b 001 0 eng d
010 ## - LIBRARY OF CONGRESS CONTROL NUMBER
LC control number 2006935811
020 ## - INTERNATIONAL STANDARD BOOK NUMBER
International Standard Book Number 0817644377 (hbk.)
020 ## - INTERNATIONAL STANDARD BOOK NUMBER
International Standard Book Number 9780817644376 (hbk.)
035 ## - SYSTEM CONTROL NUMBER
System control number (CStRLIN)CSUGA6764563-B
040 ## - CATALOGING SOURCE
Original cataloging agency OHX
Transcribing agency OHX
Modifying agency BAKER
-- YDXCP
-- UUS
-- DLC
042 ## - AUTHENTICATION CODE
Authentication code lccopycat
050 00 - LIBRARY OF CONGRESS CALL NUMBER
Classification number TL1050
Item number .T45 2007
082 00 - DEWEY DECIMAL CLASSIFICATION NUMBER
Classification number 629.132
Edition number 22
Author Mark TEW
100 1# - MAIN ENTRY--PERSONAL NAME
Personal name Tewari, Ashish.
9 (RLIN) 59555
245 10 - TITLE STATEMENT
Title Atmospheric and space flight dynamics :
Remainder of title modeling and simulation with MATLAB and Simulink /
Statement of responsibility, etc. Ashish Tewari.
260 ## - PUBLICATION, DISTRIBUTION, ETC.
Place of publication, distribution, etc. Boston, Mass. :
Name of publisher, distributor, etc. Birkhäuser,
Date of publication, distribution, etc. c2007.
300 ## - PHYSICAL DESCRIPTION
Extent xx, 556 p. :
Other physical details ill. ;
Dimensions 24 cm.
490 1# - SERIES STATEMENT
Series statement Modeling and simulation in science, engineering and technology
504 ## - BIBLIOGRAPHY, ETC. NOTE
Bibliography, etc. note Includes bibliographical references (p. [543]-546) and index.
650 #0 - SUBJECT ADDED ENTRY--TOPICAL TERM
Topical term or geographic name entry element Space flight.
9 (RLIN) 2590
650 #0 - SUBJECT ADDED ENTRY--TOPICAL TERM
Topical term or geographic name entry element Astrodynamics.
9 (RLIN) 83859
650 #0 - SUBJECT ADDED ENTRY--TOPICAL TERM
Topical term or geographic name entry element Aeronautics.
9 (RLIN) 39164
830 #0 - SERIES ADDED ENTRY--UNIFORM TITLE
Uniform title Modeling and simulation in science, engineering & technology.
9 (RLIN) 111206
856 41 - ELECTRONIC LOCATION AND ACCESS
Materials specified Table of contents only
Uniform Resource Identifier <a href="http://www.loc.gov/catdir/enhancements/fy0812/2006935811-t.html">http://www.loc.gov/catdir/enhancements/fy0812/2006935811-t.html</a>
906 ## - LOCAL DATA ELEMENT F, LDF (RLIN)
a 7
b cbc
c copycat
d 2
e ncip
f 20
g y-gencatlg
942 ## - ADDED ENTRY ELEMENTS (KOHA)
Source of classification or shelving scheme
Koha item type Book
Holdings
Withdrawn status Lost status Source of classification or shelving scheme Damaged status Not for loan Permanent Location Current Location Shelving location Date acquired Full call number Barcode Date last seen Price effective from Koha item type
          School of Mechanical & Manufacturing Engineering (SMME) School of Mechanical & Manufacturing Engineering (SMME) Aerospace Engineering 03/22/2023 629.132 TEW SMME-3950 03/22/2023 03/22/2023 Book
© 2023 Central Library, National University of Sciences and Technology. All Rights Reserved.